000 00505nam a2200181Ia 4500
005 20260330125222.0
008 240806s9999||||xx |||||||||||||| ||eng||
041 _ahin
082 _a891.433
_bSOBH.4
100 _aSobati, Krishna
245 0 _aHum haramat (Vol.4)
_cSobati Krishna
250 _a1st ed.
260 _aNew Delhi:
_bRaj Kamal Prakashan
_c2019
300 _a162p.
650 _aHindi
880 _6245
_aहम हरामत (खंड IV) सोबती कृष्णा
942 _cBK
999 _c169
_d169